The Lost World: Jurassic Park - Character Professions - Statistics

General Stats
  • This quiz has been taken 38 times
  • The average score is 8 of 15
Answer Stats
Character Answer % Correct
Ian Malcolm Mathematician/Chaotician
90%
Nick Van Owen Field photographer
83%
Roland Tembo Hunter
83%
Sarah Harding Palaeontologist
76%
Robert Burke Palaeontologist
76%
Ajay Sidhu Hunter
69%
Dieter Stark Hunter
69%
Carter Hunter
69%
Peter Ludlow CEO
62%
Carlos Barge captain
38%
Jim Ship captain
38%
Eddie Carr Field equipment expert
31%
Geoffery Butler
17%
Barry Butler
17%
Edward Butler
17%
No matching quizzes found
Score Distribution
Percent of People with Each Score
Percentile by Number Answered
Your Score History
You have not taken this quiz